| 000 | 00917nam a2200253Ia 4500 | ||
|---|---|---|---|
| 003 | OSt | ||
| 005 | 20221005112508.0 | ||
| 006 | a|||||r|||| 00| 0 | ||
| 007 | ta | ||
| 008 | 221004b |||||||| |||| 00| 0 pan d | ||
| 020 |
_a9789351132394 (pbk) _c200 |
||
| 024 | _a14545 | ||
| 037 |
_b890, 08/09/2014, H.K. Prakashan _cTextual |
||
| 040 |
_aCRL _cCRL _bpan |
||
| 041 |
_2pan _apan |
||
| 082 | _aV2:2.P, 153Q4 | ||
| 100 | _aਆੱਸਟਿਨ, ਗ੍ਰੈਨਵਿਲ | ||
| 245 | 0 |
_aਭਾਰਤੀ ਸੰਵਿਧਾਨ _b ਰਾFਟਰ ਦੀ ਬੁਨਿਆਦ |
|
| 260 |
_aਚੰਡੀਗੜ _bਲੋਕਗੀਤ ਪ੍ਰਕਾFਨ ਭਾਰਤ _c2011 |
||
| 300 |
_a436ਪੰ _ccm. |
||
| 650 | _aਭਾਰਤੀਯ ਇਤਿਹਾਸ | ||
| 942 |
_hV2:2.P, 153Q4 _cTEXL _2cc |
||
| 999 |
_c1025057 _d1025057 |
||